000 00720nam a2200253Ia 4500
003 OSt
005 20220918164857.0
006 a|||||r|||| 00| 0
007 ta
008 220917b |||||||| |||| 00| 0 eng d
020 _a0804728399 (pbk)
024 _a157,902
037 _cTextual
040 _aARTS
_cARTS
_beng
041 _2eng
_aeng
082 _aQ8413v, N7
100 _aRobinet Isabelle
_921428
245 0 _aTaoism
_b growth of a religion Isabelle Robinet ; translated by Phyllis Brroks
260 _aStanford
_bStanford University Press
_c1997
300 _axx, 296p.
_ccm.
650 _aRELIGION
942 _hQ8413v, N7
_cTEXL
_2CC
999 _c127167
_d127167